|
|
|
|
| LEADER |
01355cam a2200313 7i4500 |
| 001 |
0000071472 |
| 005 |
20220926090000.0 |
| 020 |
|
|
|a 9783642301117 (electronic book)
|
| 090 |
0 |
0 |
|a QA75.5
|b .I23 2012
|
| 111 |
2 |
|
|a ICCSEA 2012
|c New Delhi, India
|d 2012
|
| 245 |
1 |
0 |
|a Advances in computer science, engineering & applications :
|b proceedings of the second International Conference on Computer Science, Engineering & Applications (ICCSEA 2012), May 25-27, 2012, New Delhi, India
|c David C. Wyld, Jan Zizka, and Dhinaharan Nagamalai (eds.).
|
| 264 |
|
|
|a Heidelberg:
|b Springer,
|c 2012.
|
| 300 |
|
|
|a 1 online resource (1098 pages):
|b illustrations, text file, PDF.
|
| 336 |
|
|
|a text
|2 rdacontent
|
| 337 |
|
|
|a computer
|2 rdamedia
|
| 338 |
|
|
|a online resource
|2 rdacarrier
|
| 490 |
0 |
|
|a Advances in intelligent and soft computing;
|v 167
|
| 650 |
|
0 |
|a Computer networks --
|x Management
|
| 650 |
|
0 |
|a Software engineering
|
| 650 |
|
0 |
|a Computer networks
|
| 650 |
0 |
0 |
|a Computer science
|
| 655 |
|
0 |
|a Electronic books
|
| 700 |
1 |
|
|a Wyld, David C.
|
| 700 |
1 |
|
|a Zizka, Jan
|
| 700 |
1 |
|
|a Nagamalai, Dhinaharan
|
| 856 |
4 |
2 |
|u http://library.unisel.edu.my/web/guest/mylibrary
|
| 997 |
|
|
|a Communication, Visual Art & Computing, Faculty
|b Computing, Department
|
| 998 |
|
|
|a Computer Science, Degree
|
| 999 |
|
|
|a EBO0014382
|b EBOOK
|c EBOOK
|e Electronic resources
|